000 00448nam a2200181Ia 4500
001 8316
005 20260306160600.0
008 260306t1998||||xx |||||||||||||| ||spa||
041 _aESP
082 _a370.154
_bC28
100 _aBernardo Carrasco, José
_eAUT
245 0 _aTécnicas y recursos para motivar a los alumnos
260 _c1998
300 _a255 páginas :
_c21 cm.
650 _aGEN
654 _aCED
942 _cLIB
_dJUS
_fJUS
_2ddc
_n
999 _c8316
_d8316